Statistics for Baby Boy Names beginning with R

Click here to take the quiz!

General Stats

  • This quiz has been taken 297 times
  • The average score is 25 of 64

Answer Stats

Answer% Correct
Robert
94%
Richard
93%
Ray
87%
Rey
87%
Ronald
82%
Ryan
80%
Raymond
76%
Roger
67%
ricky
65%
Roy
64%
Riley
63%
Roman
63%
Randy
62%
Ralph
54%
Reginald
54%
Ronnie
54%
Roland
53%
Rudy
53%
Roberto
50%
Rory
50%
Rowen
50%
Ricardo
49%
Reuben
47%
Rowan
46%
Rodney
45%
Randall
44%
Rex
43%
River
43%
Ramon
41%
Raphael
39%
Russell
39%
Reese
38%
Rocky
38%
Ryder
38%
Rylan
38%
Ronan
34%
Ronin
34%
Ruben
34%
Romeo
33%
Remy
31%
Raul
30%
Reed
29%
Rhett
25%
Rhys
25%
Ryker
25%
Rafael
23%
Remington
22%
Royce
21%
Rocco
20%
Ryland
20%
Reece
18%
Reid
18%
Rene
15%
Rodrigo
15%
Rohan
14%
Royal
12%
Rayden
11%
Reign
11%
Ridge
8%
Raiden
7%
Raylan
7%
Rayan
5%
Rogelio
4%
Reyansh
0%

Score Distribution

Percentile by Number Answered

Percent of People with Each Score

Your Score History

You have not taken this quiz